000 00306nam a22001337a 4500
003 OSt
005 20231128163820.0
008 231128b |||||||| |||| 00| 0 eng d
040 _cCO-JMCR
082 _aN /
_bCUEn
100 _aCuervo, Carolina,
_943013
245 _a9 maneras de morir /
942 _2ddc
_cBK
999 _c30438
_d16822